00328nam a2200109Ia 4500008004100000082000800041100002000049245003300069942000600102952009500108999001500203240331s9999 xx 000 0 und d bMCC aMccall Smith, A 0aMorality for Beautiful girls cL 001040708LaWERCLbWERCLcSSCd2024-03-31l0o 823 MCCp6748r2024-03-31w2024-03-31yL c5702d5702